| 000 | 00534nam a2200181Ia 4500 | ||
|---|---|---|---|
| 999 |
_c28436 _d28436 |
||
| 003 | OSt | ||
| 005 | 20201222125737.0 | ||
| 008 | 190216s9999||||xx |||||||||||||| ||und|| | ||
| 020 | _a9788171809356 | ||
| 040 | _coclc | ||
| 082 |
_a894.8128 _bSET/C |
||
| 100 |
_aSethumadhavan, Anappaya _97773 |
||
| 245 | 0 |
_aCherukadinte Thattakam / _cAnappaya Sethumadhavan |
|
| 260 |
_bPoorna Publications, _aKozhikode: _c2002. |
||
| 300 | _a144p | ||
| 650 | _aPadanam | ||
| 942 |
_cBK _2ddc _h894.8128 _iSET/C _k894.8128 _mSET/C |
||